Exkurzia Hlohovec, Trnava

Bibliographic Details
Main Authors: Csáderová, Anna (Author), Bartalová, Gabriela (Author)
Format: Article
Language:Slovak
Hungarian
ISSN:1338-9068
Subjects:

MARC

LEADER 00000nab a2200000 a 4500
001 vtls010574772
003 SK-MaSNL
005 20260303171049.0
008 140206|2013 xo m| 000 02slo
015 |a SNBRB2013/12 
038 |a DSZK 
040 |a DSZK  |b slo  |c DSZK  |e AACR2 
041 0 |a slo  |a hun 
044 |a xo  |c SK 
080 |a 373.3  |x (437.612)  |2 2001 
080 |a 371.233  |x (439)  |2 2001 
100 1 |a Csáderová, Anna  |4 aut  |9 1195092 
245 1 0 |a Exkurzia Hlohovec, Trnava  |c Anna Csáderová, Gabriela Bartalová 
546 |a Dvojjazyčné vydanie 
610 2 7 |a Základná škola Mateja Bela (Šamorín, Slovensko)  |2 dszk  |9 475810 
648 7 |a 2013  |2 dszk  |9 324251 
650 0 7 |a exkurzie  |2 SNKPH  |9 30680 
651 7 |a Šamorín (Slovensko)  |2 SNKPH  |9 28925 
651 7 |a Hlohovec (Slovensko)  |2 SNKPH  |9 31468 
651 7 |a Trnava (Slovensko)  |2 SNKPH  |9 19407 
700 1 |a Bartalová, Gabriela  |4 aut  |9 787541 
773 0 |t Šamorín a okolie=Somorja és vidéke  |g Roč. XXIII, č. 12 (2013), s. 5  |x 1338-9068 
852 |a DSZK  |b KIS3GCP 
958 |a SK 
999 |c 2079741  |d 2081671